Losowe fakty Mława - Statystyki

Ogólne statystyki
  • Ten quiz został rozwiązany 5 razy
  • Średni wynik to 7 z 11
Statystyki odpowiedzi
Hint Odpowiedź % Poprawnych
Ile jest McDonald's w Mławie? 1
100%
Ile jest stacji w Mławie? 2
100%
W jakim województwo położona jest Mława? Mazowieckie
100%
Droga ekspresowa przejeżdżająca przez Mławę S7
100%
Ile jest szkół podstawowych w Mławie? (publiczne i bezpłatne) 6
80%
Najbliższe miasto Działdowo
80%
Lepsze miasto od Mławy Nie ma
60%
Rzeka Mławska seracz
60%
Obecny Burmistrz Mławy? Piotr Jankowski
20%
W którym roku Mława dostała prawa miejskie? 1429
0%
Jaki sklep miał być budowany zamiast netto? (Henryka Sienkiewicza 32) KFC
0%
Nie znaleziono quizów pasujących do podanych kryteriów
Rozkład punktacji
Procent ludzi z każdym wynikiem
Percentyl według liczby udzielonych odpowiedzi
Twoja historia wyników
Nie rozwiązałeś tego quizu